000 00233nam a22000977a 4500
999 _c11659
_d11659
008 191120b ||||| |||| 00| 0 eng d
020 _a8174504869
100 _aNCERT
_97361
245 _aMathematics-IX
260 _aNew Delhi
_bNCERT
_c2017